LEADER 01315nam a2200253 i 4500 001 000000344875 003 CaOOAMICUS 005 20210323153007.0 008 210315s1950 fr a u001 u fre u 040 $aSeMil$bita 245 13$aLa Maison du Chat-qui-pelote. Une Double famille. Le Bal de Sceaux. La Vendetta. La Bourse. Un Début dans la vie. La Messe de l'athée /$corné de quatorze illustrations de Beuville et d'un portrait de Balzac. 300 $aXX, 615 p. :$bill. 500 $aEsemplare n. 1177 541 $aFondo mons. Pasquale Macchi (1V IV 326) 650 4$aBalzac, Honoré : de <1799-1850> - Opere.$0(OLS)http://semarc/subject/18934 700 1 $aBeuville, Georges,$eillustratore.$0(OLS)http://semarc/name/113268 700 1 $aBalzac, Honoré : de,$d<1799-1850>.$0(OLS)http://semarc/name/3887 773 0 $aBalzac, Honoré : de <1799-1850>$tComédie humaine.$dGivors : André Martel, 1950.$w()344874 850 $aSeMil 852 $aSeMil$W1$xVenegono$y1$m1V IV 326$j225185$B235936$CSeMilBibl$Z2$F235936 $81 941 1 $a8 961 $aFondo mons. Pasquale Macchi 996 $6245$aLa Maison du Chat-qui-pelote. Une Double famille. Le Bal de Sceaux. La Vendetta. La Bourse. Un Début dans la vie. La Messe de l'athée$9(OLS)http://semarc/title/433968 LEADER 01451nam a2200301 i 4500 001 000000335890 003 CaOOAMICUS 005 20250729103612.0 008 190808s2018 be u000 u lat u 013 $a77481 020 $a978-2-503-57986-3 040 $aSeMil$bita 245 10$a5: Liber de verbo e codice Parisiensi 7491 /$cstudio et cura Cécile Conduché. 264 1$aTurnhout :$bBrepols,$c2018. 300 $a264 p., 1 carta di tav. :$bfacs. ;$c26 cm 504 $aBibliographie, p. [161]-167 546 $aTesto in latino, introduzione e commento in francese 650 4$aLingua latina - Grammatica - Trattati.$0(OLS)http://semarc/subject/39878 650 4$aParigi - Biblioteca Nazionale di Francia - Manoscritti latini - Ms. 7491.$0(OLS)http://semarc/subject/48549 700 1 $aConduché, Cécile,$d<1981- >.$0(OLS)http://semarc/name/110066 773 0 $tGrammatici Hibernici Carolini aevi.$dTurnhout : Brepols, 1977-2019.$w()6000 830 0$aCorpus Christianorum. Continuatio Mediaevalis ;$v40.E.$0(OLS)http://semarc/title/35 850 $aSeMil 852 $aSeMil$W1$xVenegono$y1$mSL2.F CC.CM 40/E$j260375$B227738$CSeMilBibl$Z2$F227738 $8I 996 $6020$a978-2-503-57986-3$9(OLS)http://semarc/number/288355 996 $6245$a5: Liber de verbo e codice Parisiensi 7491$9(OLS)http://semarc/title/425222 996 $6264$aTurnhout :$bBrepols$9(OLS)http://semarc/publisher/29626